[Event "Prestwick Airport Major"]
[Site "Prestwick"]
[Date "2011.05.15"]
[Round "5"]
[White "King, Chris"]
[Black "Curran, Andrew D"]
[Result "0-1"]
[WhiteElo "1140"]
[BlackElo "1458"]
[PlyCount "130"]
[EventDate "2011.05.15"]
[EventRounds "5"]
[EventCountry "SCO"]

1. d4 f5 2. f4 Nf6 3. e3 g6 4. Bd3 d6 5. Nf3 Bg7 6. O-O c6 7. c4 O-O 8. Nc3 Qe8
9. Re1 Nbd7 10. d5 Nc5 11. Qc2 e5 12. dxe6 Nxe6 13. Rb1 Nc5 14. b4 Nce4 15.
Bxe4 Nxe4 16. Nxe4 fxe4 17. Nd2 d5 18. cxd5 cxd5 19. Bb2 Qf7 20. Bxg7 Qxg7 21.
Qb2 Bf5 22. Qxg7+ Kxg7 23. Nb3 Rac8 24. Nd4 Rc4 25. Rec1 Rfc8 26. Rxc4 Rxc4 27.
Rb2 Bd7 28. a3 Ba4 29. Kf2 Rc3 30. Ra2 Kf6 31. g4 h6 32. h4 g5 33. fxg5+ hxg5
34. h5 Bd7 35. Nf5 Be6 36. Ra1 Bxf5 37. gxf5 Kxf5 38. Ke2 Rc2+ 39. Kf1 Rh2 40.
Rd1 Rh1+ 41. Ke2 Rxd1 42. Kxd1 g4 43. h6 Kg6 44. h7 Kxh7 45. Ke1 Kg6 46. Kf2
Kf5 47. Kg3 Kg5 48. a4 Kf5 49. a5 b6 50. axb6 axb6 51. Kh4 d4 52. exd4 e3 53.
Kg3 Ke4 54. d5 Kxd5 55. Kg2 Ke4 56. Kg1 e2 57. Kf2 g3+ 58. Kxe2 Kd4 59. Kf3 Kc4
60. Kxg3 Kxb4 61. Kf3 Kc3 62. Ke2 Kc2 63. Ke3 b5 64. Kd4 b4 65. Kc4 b3 0-1

[Event "Prestwick Airport Major"]
[Site "Prestwick"]
[Date "2011.05.15"]
[Round "5"]
[White "Kleboe, James P R"]
[Black "Malcolm, Duncan"]
[Result "1-0"]
[WhiteElo "1797"]
[BlackElo "1662"]
[PlyCount "137"]
[EventDate "2011.05.15"]
[EventRounds "5"]
[EventCountry "SCO"]

1. e4 e6 2. d4 d5 3. Nc3 Bb4 4. e5 c5 5. a3 Bxc3+ 6. bxc3 Ne7 7. f4 cxd4 8.
cxd4 Nbc6 9. Nf3 Nf5 10. c3 Bd7 11. Bd3 O-O 12. O-O Rc8 13. Qe1 Nce7 14. g4 Nh6
15. h3 Ng6 16. f5 exf5 17. Bxh6 gxh6 18. gxf5 Ne7 19. Nh4 Kh8 20. e6 Rg8+ 21.
Kh1 f6 22. exd7 Qxd7 23. Qd2 Rg5 24. Rg1 Qc7 25. Nf3 Rg3 26. Rxg3 Qxg3 27. Qg2
Qxg2+ 28. Kxg2 Rxc3 29. Be2 Nxf5 30. a4 Rc2 31. Kf2 Kg7 32. a5 Kf7 33. Rb1 Rc7
34. Bd3 Nd6 35. Bxh7 f5 36. Rg1 Ne4+ 37. Ke3 Ke6 38. Rg6+ Nf6 39. Rxh6 Rc3+ 40.
Kf4 Kf7 41. Bxf5 Ra3 42. Ng5+ Ke7 43. Nh7 Nxh7 44. Rxh7+ Kf6 45. Rh6+ Ke7 46.
Ke5 Re3+ 47. Kxd5 Ra3 48. a6 Ra5+ 49. Ke4 bxa6 50. Bc8 Ra1 51. Rxa6 Rh1 52.
Rxa7+ Kf6 53. Kd5 Rc1 54. Bg4 Rc3 55. Kd6 Rd3 56. d5 Rc3 57. Kd7 Rd3 58. Be6
Ke5 59. Ra6 Rd4 60. Ra3 Rh4 61. Kc6 Rc4+ 62. Kb5 Rh4 63. Kc5 Rh6 64. h4 Rh8 65.
h5 Rh6 66. Bf7 Kf6 67. Bg6 Rh8 68. Rf3+ Kg5 69. Rf5+ 1-0

[Event "Prestwick Airport Major"]
[Site "Prestwick"]
[Date "2011.05.15"]
[Round "5"]
[White "MacQueen, Andrew"]
[Black "Glen, Hamish"]
[Result "1-0"]
[WhiteElo "1715"]
[BlackElo "1587"]
[PlyCount "39"]
[EventDate "2011.05.15"]
[EventRounds "5"]
[EventCountry "SCO"]

1. e4 e6 2. d4 d5 3. Nd2 dxe4 4. Nxe4 Nf6 5. Bd3 Nbd7 6. Nf3 b6 7. Bg5 Be7 8.
Ne5 Bb7 9. Nxf6+ gxf6 10. Nxf7 Kxf7 11. Qh5+ Kg8 12. Bh6 f5 13. O-O-O Qe8 14.
Qh3 Qg6 15. Qe3 Bf8 16. Bf4 Rc8 17. Rhg1 h5 18. g4 hxg4 19. Rxg4 Qxg4 20. Qxe6+
1-0

[Event "Prestwick Airport Major"]
[Site "Prestwick"]
[Date "2011.05.15"]
[Round "5"]
[White "Mackay, Ian W"]
[Black "Milton, Carl"]
[Result "1-0"]
[WhiteElo "1554"]
[BlackElo "676"]
[PlyCount "168"]
[EventDate "2011.05.15"]
[EventRounds "5"]
[EventCountry "SCO"]

1. c4 e5 2. g3 Nf6 3. Bg2 d5 4. b3 Be6 5. Qc2 c6 6. Nf3 Nbd7 7. Bb2 Bd6 8. O-O
Qb6 9. Nc3 dxc4 10. bxc4 Bxc4 11. Rab1 Qc7 12. d3 Be6 13. Nd2 O-O 14. Nde4 Rac8
15. Nxd6 Qxd6 16. Rfd1 Qc7 17. Ba1 Nd5 18. Ne4 b6 19. Qb2 f6 20. Rd2 Rfd8 21.
Nc3 Qd6 22. Ne4 Qe7 23. Nc3 Nf8 24. Rc2 Nxc3 25. Rxc3 Bd5 26. Bh3 Be6 27. Bg2
Bd5 28. f3 Rc7 29. Rbc1 Rdc8 30. a3 Nd7 31. Qd2 Nc5 32. Qc2 Qf7 33. Rb1 Kh8 34.
Bh3 Be6 35. Bg2 Bd5 36. Bh3 Ne6 37. e4 Nd4 38. Qd1 Be6 39. Bg2 Nb5 40. Rcc1
Nxa3 41. Rb2 Nb5 42. Rf2 c5 43. f4 exf4 44. Rxf4 Qe7 45. Qf1 Rd8 46. Rxf6 Rcc8
47. Rf4 Rf8 48. Qf2 Rxf4 49. gxf4 Rd8 50. f5 Qg5 51. Rf1 Bf7 52. h4 Qh6 53. f6
g6 54. Qg3 Qf8 55. e5 Nd4 56. Bxd4 Rxd4 57. Bh3 Qe8 58. Qe3 Rd8 59. e6 a5 60.
Qh6 Qg8 61. Qg7+ Qxg7 62. fxg7+ Kxg7 63. exf7 Kf8 64. Be6 Rxd3 65. Rb1 Rd6 66.
Ba2 Rc6 67. Bc4 a4 68. Re1 Rf6 69. Re8+ Kg7 70. Rg8+ Kh6 71. f8=Q+ Rxf8 72.
Rxf8 Kh5 73. Rf4 a3 74. Be2+ Kh6 75. Ra4 g5 76. hxg5+ Kxg5 77. Rxa3 Kf4 78. Rb3
h5 79. Bxh5 c4 80. Rxb6 Ke3 81. Bg6 c3 82. Kg2 Kd2 83. Kf2 c2 84. Bxc2 Kxc2 1-0

[Event "Prestwick Airport Major"]
[Site "Prestwick"]
[Date "2011.05.15"]
[Round "5"]
[White "Monaghan, Mark"]
[Black "Loughran, Robert"]
[Result "1-0"]
[WhiteElo "1675"]
[BlackElo "1581"]
[PlyCount "83"]
[EventDate "2011.05.15"]
[EventRounds "5"]
[EventCountry "SCO"]

1. d4 Nf6 2. c4 g6 3. Nc3 Bg7 4. e4 d6 5. Be2 O-O 6. Nf3 c6 7. Be3 Nbd7 8. O-O
Qc7 9. Rc1 a6 10. b4 Ng4 11. Bf4 e5 12. Bg3 exd4 13. Nxd4 Nde5 14. h3 Nf6 15.
a4 c5 16. bxc5 dxc5 17. Nb3 Be6 18. Nd5 Bxd5 19. exd5 Ne4 20. Bh2 Nd6 21. f4
Nd7 22. f5 Rae8 23. fxg6 fxg6 24. Rxf8+ Nxf8 25. Bg4 b6 26. Be6+ Nxe6 27. dxe6
Rxe6 28. Qd5 Qe7 29. Re1 Kf7 30. Rxe6 Qxe6 31. Bxd6 Qxd5 32. cxd5 c4 33. Nc1 b5
34. Kf1 Bb2 35. Na2 Ke8 36. Ke2 Kd7 37. Bb4 h6 38. Kd2 g5 39. Nc3 h5 40. Nxb5
g4 41. hxg4 hxg4 42. Bc3 1-0

[Event "Prestwick Airport Major"]
[Site "Prestwick"]
[Date "2011.05.15"]
[Round "5"]
[White "Moore, Robin"]
[Black "Alomenu, Gilbert"]
[Result "1-0"]
[WhiteElo "1581"]
[BlackElo "1154"]
[PlyCount "69"]
[EventDate "2011.05.15"]
[EventRounds "5"]
[EventCountry "SCO"]

1. e4 e5 2. Bc4 Nf6 3. d4 c6 4. dxe5 Qa5+ 5. Nc3 Qxe5 6. Nf3 Qc7 7. O-O Bc5 8.
e5 Ng4 9. Bxf7+ Kf8 10. Bf4 d5 11. exd6 Qxf7 12. Bg3 h6 13. Re1 Nxf2 14. Bxf2
Bxf2+ 15. Kxf2 Kg8 16. Re7 Qf6 17. Qe2 Bd7 18. Rf1 Kh7 19. Kg1 Na6 20. Rxd7 Nc5
21. Ne4 Nxd7 22. Nxf6+ Nxf6 23. Ne5 Rhe8 24. Qd3+ Kg8 25. d7 Nxd7 26. Nxd7 Rad8
27. Qc4+ Kh8 28. Rf7 Re1+ 29. Kf2 Rde8 30. Rf8+ Rxf8+ 31. Nxf8 Re8 32. Qf7 Rd8
33. Ne6 Rg8 34. Ng5 hxg5 35. Qh5# 1-0

[Event "Prestwick Airport Major"]
[Site "Prestwick"]
[Date "2011.05.15"]
[Round "5"]
[White "Perkin, Chris"]
[Black "Smalls, Jim A"]
[Result "0-1"]
[WhiteElo "1481"]
[BlackElo "1766"]
[PlyCount "82"]
[EventDate "2011.05.15"]
[EventRounds "5"]
[EventCountry "SCO"]

1. e4 c5 2. Nf3 Nc6 3. d4 cxd4 4. Nxd4 g6 5. Nxc6 bxc6 6. Qd4 Nf6 7. e5 Nd5 8.
e6 f6 9. exd7+ Bxd7 10. Bc4 e5 11. Qe4 Bf5 12. Qe2 Bb4+ 13. c3 Be7 14. Bh6 Qb6
15. O-O Kf7 16. Bb3 Be6 17. Nd2 Qc7 18. Rae1 Bf8 19. Be3 Kg7 20. Qf3 h5 21. Ne4
Bg4 22. Qg3 Bf5 23. Qf3 Bg4 24. Qg3 Be7 25. Bxd5 cxd5 26. Nd2 Bf5 27. Nf3 Bd6
28. Nh4 Bg4 29. h3 e4 30. f4 exf3 31. Qf2 Bg3 32. Qd2 Bxh4 33. hxg4 Bxe1 34.
Rxe1 hxg4 35. Bf4 Qc5+ 36. Be3 Qc7 37. Bf4 Qd7 38. gxf3 gxf3 39. Kf2 Rae8 40.
Rxe8 Rxe8 41. c4 Re2+ 0-1

[Event "Prestwick Airport Major"]
[Site "Prestwick"]
[Date "2011.05.15"]
[Round "5"]
[White "Potts, David A"]
[Black "O'Brien, Robert J"]
[Result "1/2-1/2"]
[WhiteElo "1477"]
[BlackElo "1566"]
[PlyCount "147"]
[EventDate "2011.05.15"]
[EventRounds "5"]
[EventCountry "SCO"]

1. c4 Nf6 2. g3 e5 3. Bg2 Nc6 4. Nc3 Bc5 5. e3 O-O 6. Nf3 d6 7. O-O Be6 8. d3
Qc8 9. a3 a6 10. b4 Ba7 11. Rb1 Bh3 12. a4 Bxg2 13. Kxg2 Re8 14. b5 Nd8 15. e4
Ne6 16. Nd5 Nd7 17. Ng5 Ndc5 18. Qh5 Nxg5 19. Bxg5 Qd7 20. Nf6+ gxf6 21. Bxf6
Ne6 22. Qh6 Bc5 23. f4 d5 24. cxd5 Bf8 25. dxe6 fxe6 26. Qg5+ Bg7 27. fxe5 Kh8
28. Bxg7+ Qxg7 29. Qxg7+ Kxg7 30. Rf6 axb5 31. axb5 Rad8 32. Rc1 Re7 33. Rf3
Rd4 34. Rc4 Red7 35. Rxd4 Rxd4 36. Rf6 Rxd3 37. Rxe6 Kf7 38. Rf6+ Ke7 39. Rh6
Rc3 40. Rxh7+ Ke6 41. Rh5 Rc5 42. Rh6+ Ke7 43. Rh7+ Ke6 44. Kf3 Rxb5 45. Rxc7
Kxe5 46. Re7+ Kf6 47. Rd7 Rb3+ 48. Kf4 Rb1 49. e5+ Ke6 50. Rd6+ Ke7 51. h4 b5
52. Rb6 b4 53. Kg4 b3 54. h5 b2 55. h6 Rh1 56. Rxb2 Rxh6 57. Rb7+ Kf8 58. Kf4
Rh1 59. g4 Rf1+ 60. Kg5 Ke8 61. e6 Rf2 62. Kg6 Rf1 63. Rf7 Re1 64. Rf6 Ke7 65.
g5 Rg1 66. Rf4 Kxe6 67. Re4+ Kd7 68. Kf5 Rf1+ 69. Rf4 Rg1 70. g6 Ke7 71. Rg4
Rxg4 72. Kxg4 Kf6 73. Kh5 Kg7 74. Kg5 1/2-1/2

[Event "Prestwick Airport Major"]
[Site "Prestwick"]
[Date "2011.05.15"]
[Round "5"]
[White "Rough, Robert E"]
[Black "Pearson, Walter J"]
[Result "1-0"]
[WhiteElo "1642"]
[BlackElo "1505"]
[PlyCount "59"]
[EventDate "2011.05.15"]
[EventRounds "5"]
[EventCountry "SCO"]

1. e4 e5 2. Nf3 Nc6 3. Nc3 Bc5 4. Bb5 a6 5. Bxc6 dxc6 6. h3 Nf6 7. O-O Qd6 8.
d3 b5 9. Bd2 Bb7 10. Ne2 O-O-O 11. d4 Bxd4 12. Nexd4 Nxe4 13. Nb3 c5 14. Qe1 c4
15. Bb4 c5 16. Nxc5 Nxc5 17. Qe3 Bxf3 18. Bxc5 Qc6 19. gxf3 Rde8 20. Bb4 Qg6+
21. Kh2 Re6 22. Rad1 Rd8 23. Qc5+ Rc6 24. Rxd8+ Kxd8 25. Qe7+ Kc8 26. Rd1 Rc7
27. Qd8+ Kb7 28. Ba5 Rc8 29. Rd7+ Kb8 30. Bc7+ 1-0

[Event "Prestwick Airport Major"]
[Site "Prestwick"]
[Date "2011.05.15"]
[Round "5"]
[White "Thomas, Daniel R"]
[Black "Calder, John"]
[Result "0-1"]
[WhiteElo "1431"]
[BlackElo "1797"]
[PlyCount "78"]
[EventDate "2011.05.15"]
[EventRounds "5"]
[EventCountry "SCO"]

1. f4 d5 2. e3 Nf6 3. b3 c5 4. Bb2 Nc6 5. Bb5 Qb6 6. Bxc6+ Qxc6 7. Nf3 Bg4 8.
h3 Bxf3 9. Qxf3 h5 10. d3 h4 11. Nd2 e6 12. O-O-O Nh5 13. e4 Bd6 14. e5 Be7 15.
Rhf1 Ng3 16. Rf2 Nf5 17. Nf1 O-O-O 18. g4 hxg3 19. Nxg3 Nd4 20. Bxd4 cxd4 21.
Ne2 Ba3+ 22. Kb1 Kb8 23. c4 dxc3 24. Kc2 Qa6 25. d4 Bb4 26. Nc1 g6 27. Qd3 Qb6
28. Ne2 Rh4 29. Rf3 Qa5 30. Kb1 Rc8 31. Rc1 Rc6 32. Rc2 a6 33. Rc1 Ka7 34. Rc2
Rh8 35. Nxc3 Rhc8 36. Nxd5 Rxc2 37. Qxc2 Rxc2 38. Nxb4 Rh2 39. Nc2 Qd2 0-1

[Event "Prestwick Airport Major"]
[Site "Prestwick"]
[Date "2011.05.15"]
[Round "5"]
[White "Thomas, Phil"]
[Black "Murphy, George A A"]
[Result "1-0"]
[WhiteElo "1811"]
[BlackElo "1739"]
[Annotator "Congalton,David"]
[PlyCount "36"]
[EventDate "2011.05.15"]
[EventRounds "5"]
[EventCountry "SCO"]

1. e4 c5 2. Nf3 d6 3. d4 cxd4 4. Nxd4 Nf6 5. f3 a6 6. c4 e6 7. Nc3 Be7 8. Be2
Nc6 9. Be3 Qc7 10. Rc1 Bd7 11. O-O Nxd4 12. Bxd4 O-O 13. Na4 Bc6 14. Nb6 Rad8
15. Nd5 Bxd5 16. cxd5 Qd7 17. dxe6 fxe6 18. Bb6 Rc8 {Black retired due to
illness} 1-0

[Event "Prestwick Airport Major"]
[Site "Prestwick"]
[Date "2011.05.15"]
[Round "5"]
[White "Weir, J Len"]
[Black "Mulholland, Arthur L"]
[Result "1/2-1/2"]
[WhiteElo "1509"]
[BlackElo "1687"]
[PlyCount "106"]
[EventDate "2011.05.15"]
[EventRounds "5"]
[EventCountry "SCO"]

1. b4 e5 2. Bb2 f6 3. a3 c5 4. bxc5 Bxc5 5. e3 Nc6 6. d4 exd4 7. Qh5+ Kf8 8.
Qxc5+ d6 9. Qb5 dxe3 10. fxe3 Nh6 11. Be2 Qe7 12. Qd3 Bf5 13. Qd2 Re8 14. Bc1
g5 15. h3 Qe5 16. Nf3 Qxa1 17. Qxd6+ Kg7 18. O-O Qxb1 19. e4 Qb6+ 20. Kh1 Bxe4
21. Nh4 Ne5 22. Qd2 Rd8 23. Qe1 Bxc2 24. Bxg5 fxg5 25. Bh5 Qd6 26. Qg3 Bg6 27.
Qxg5 Nef7 28. Qa5 Qa6 29. Qc3+ Kg8 30. Rf6 Rd1+ 31. Bxd1 Qb5 32. Nxg6 hxg6 33.
Rxg6+ Kf8 34. Qc8+ Qe8 35. Qc5+ Qe7 36. Qc3 Rg8 37. Rf6 Qd7 38. Bb3 Rg7 39.
Qc5+ Qe7 40. Qc8+ Qe8 41. Qc3 Qe2 42. Qc5+ Qe7 43. Qf2 Qxa3 44. Be6 Qa1+ 45.
Kh2 Qe5+ 46. g3 b6 47. Rxh6 Ke7 48. Bxf7 Rxf7 49. Qd2 Qc5 50. Qe2+ Kd8 51. Rh8+
Kc7 52. Rc8+ Kxc8 53. Qe8+ Kb7 1/2-1/2

[Event "Prestwick Airport Minor"]
[Site "Prestwick"]
[Date "2011.05.13"]
[Round "1"]
[White "Clark, Stephen L"]
[Black "Paton, Lisa"]
[Result "1-0"]
[WhiteElo "1378"]
[BlackElo "1014"]
[PlyCount "99"]
[EventDate "2011.05.15"]
[EventRounds "5"]
[EventCountry "SCO"]

1. d4 Nf6 2. Nc3 d5 3. Bg5 e6 4. a3 Be7 5. e3 a6 6. Bd3 O-O 7. Nf3 Nbd7 8. O-O
c5 9. dxc5 Nxc5 10. Be2 Bd7 11. Ne5 b5 12. f4 Rc8 13. Bh4 Bc6 14. Qd4 Nce4 15.
Nxe4 Nxe4 16. Bxe7 Qxe7 17. c3 Bb7 18. f5 h6 19. Rf4 Nf6 20. Raf1 Ne4 21. fxe6
Qg5 22. Rg4 Qe7 23. Nxf7 Ng5 24. Rgf4 Nxe6 25. Nxh6+ gxh6 26. Rg4+ Ng5 27. h4
Rxf1+ 28. Bxf1 Rf8 29. hxg5 hxg5 30. Qd3 Qf6 31. Qe2 Bc8 32. Rg3 Qe5 33. Rf3
Rxf3 34. Qxf3 Bf5 35. Be2 Be4 36. Qf2 Bf5 37. Bf3 g4 38. Be2 g3 39. Qf4 Qxf4
40. exf4 Kf7 41. Bf3 Be6 42. Kf1 Kf6 43. Ke2 Ke7 44. Ke3 Kd6 45. Be2 Bf5 46.
Kf3 Kc5 47. Kxg3 a5 48. Kf2 d4 49. cxd4+ Kxd4 50. Bxb5 1-0

[Event "Prestwick Airport Minor"]
[Site "Prestwick"]
[Date "2011.05.13"]
[Round "1"]
[White "Deary, Daniel"]
[Black "Watson, David"]
[Result "1-0"]
[WhiteElo "812"]
[BlackElo "1200"]
[PlyCount "53"]
[EventDate "2011.05.15"]
[EventRounds "5"]
[EventCountry "SCO"]

1. e4 e5 2. Nf3 Nc6 3. Bb5 a6 4. Ba4 Bc5 5. c3 d6 6. h3 Nf6 7. d3 O-O 8. Bg5 b5
9. Bb3 Bd7 10. O-O Kh8 11. Re1 Qc8 12. d4 exd4 13. cxd4 Bb4 14. Nc3 Bxh3 15.
gxh3 Qxh3 16. Re3 Qg4+ 17. Kf1 Bxc3 18. bxc3 Nxe4 19. Bd5 Nxg5 20. Bxc6 Ra7 21.
Nxg5 Qxg5 22. Qe2 h5 23. Re8 Rxe8 24. Qxe8+ Kh7 25. Qb8 Qh4 26. Qxa7 Qh1+ 27.
Bxh1 1-0

[Event "Prestwick Airport Minor"]
[Site "Prestwick"]
[Date "2011.05.13"]
[Round "1"]
[White "McCulloch, Andrew"]
[Black "Cassidy, Bernard"]
[Result "1/2-1/2"]
[WhiteElo "1023"]
[BlackElo "1394"]
[PlyCount "115"]
[EventDate "2011.05.15"]
[EventRounds "5"]
[EventCountry "SCO"]

1. d4 d5 2. Nf3 Nf6 3. e3 Bf5 4. Be2 e6 5. O-O Bd6 6. Nbd2 Nbd7 7. b3 c6 8. Bb2
Qc7 9. Re1 O-O 10. Nf1 Ne4 11. Rc1 Ndf6 12. Ne5 h6 13. c4 Rae8 14. c5 Bxe5 15.
dxe5 Nd7 16. Qd4 Qd8 17. Bf3 Ng5 18. Qd1 Be4 19. Ng3 Bxf3 20. gxf3 Nh3+ 21. Kg2
Qh4 22. Qd4 Qxd4 23. exd4 Ng5 24. f4 Nh7 25. Rf1 f6 26. Rce1 fxe5 27. fxe5 b6
28. b4 bxc5 29. bxc5 Rb8 30. Bc1 Rb4 31. Be3 Rfb8 32. Nh5 Rb2 33. a3 R8b3 34.
Nf4 Ndf8 35. Nh3 Ng6 36. Ng1 Nh4+ 37. Kh1 Nf5 38. Nh3 Ra2 39. Rb1 Raxa3 40.
Rxb3 Rxb3 41. Ra1 Rb7 42. Kg2 Nf8 43. Nf4 Kf7 44. Ra6 Rc7 45. Nd3 Nd7 46. Nb4
Nb8 47. Ra2 Rb7 48. Na6 Nxa6 49. Rxa6 Rc7 50. Kf3 Ke7 51. Ke2 Kd7 52. Kd3 Nxe3
53. Kxe3 Kc8 54. f4 Kb7 55. Ra1 a6 56. Rb1+ Ka7 57. f5 exf5 58. Kf4 1/2-1/2

[Event "Prestwick Airport Minor"]
[Site "Prestwick"]
[Date "2011.05.13"]
[Round "1"]
[White "McCusker, Andrew"]
[Black "Douglas, William"]
[Result "1-0"]
[WhiteElo "676"]
[BlackElo "1184"]
[PlyCount "99"]
[EventDate "2011.05.15"]
[EventRounds "5"]
[EventCountry "SCO"]

1. d4 e6 2. Nf3 Nf6 3. Bg5 d5 4. e3 Be7 5. Nbd2 c5 6. c3 O-O 7. b3 Nbd7 8. Qc2
b6 9. Bd3 Bb7 10. O-O Re8 11. Rfe1 cxd4 12. exd4 Rc8 13. a3 Nf8 14. Ne5 Qc7 15.
Rec1 Nh5 16. Bxe7 Qxe7 17. Ndf3 Nf6 18. Re1 Ne4 19. Bxe4 dxe4 20. Nd2 Red8 21.
Qb2 f5 22. f3 Nd7 23. Nxd7 Rxd7 24. fxe4 fxe4 25. Nxe4 Rf8 26. Ng3 Rd5 27. Qe2
Re8 28. b4 e5 29. Qe3 Bc6 30. Rad1 Ba4 31. Rd2 Bc6 32. c4 Rd6 33. d5 Bd7 34. h3
Qh4 35. Ne4 Rg6 36. Kh2 Qf4+ 37. Qxf4 exf4 38. Rde2 h6 39. Nf6+ Rxf6 40. Rxe8+
Bxe8 41. Rxe8+ Kf7 42. Ra8 a5 43. bxa5 bxa5 44. Rxa5 Rb6 45. Rb5 Ra6 46. Rb3
Kf6 47. c5 Ke5 48. d6 Ra8 49. Rd3 Ke4 50. Rd1 1-0

[Event "Prestwick Airport Minor"]
[Site "Prestwick"]
[Date "2011.05.13"]
[Round "1"]
[White "McCusker, Kirsty"]
[Black "Rank, Darren"]
[Result "0-1"]
[WhiteElo "101"]
[BlackElo "1049"]
[PlyCount "78"]
[EventDate "2011.05.15"]
[EventRounds "5"]
[EventCountry "SCO"]

1. c3 e5 2. d4 Bd6 3. Nf3 exd4 4. cxd4 c5 5. Bg5 f6 6. Bh4 cxd4 7. Nxd4 Be5 8.
Nf3 Bxb2 9. Nbd2 Bxa1 10. Qxa1 Nh6 11. e3 g5 12. Bg3 Nc6 13. Ne4 O-O 14. Bc4+
d5 15. Bxd5+ Qxd5 16. Nxf6+ Rxf6 17. Qxf6 Nf7 18. O-O Bd7 19. Re1 Qe6 20. Qc3
Rc8 21. Qd2 a5 22. Nd4 Nxd4 23. exd4 Qd5 24. f3 a4 25. Be5 Re8 26. Bg3 Rxe1+
27. Bxe1 a3 28. f4 h6 29. g3 Bh3 30. Kf2 Qg2+ 31. Ke3 Qd5 32. Qc2 Bf5 33. Qc5
Qe6+ 34. Kf2 Nd6 35. Qe5 Qxa2+ 36. Qe2 Ne4+ 37. Kf3 Qxe2+ 38. Kxe2 a2 39. Kd3
a1=Q 0-1

[Event "Prestwick Airport Minor"]
[Site "Prestwick"]
[Date "2011.05.13"]
[Round "1"]
[White "Roy, Zak"]
[Black "Cameron, Richard"]
[Result "1/2-1/2"]
[WhiteElo "877"]
[BlackElo "1238"]
[PlyCount "106"]
[EventDate "2011.05.15"]
[EventRounds "5"]
[EventCountry "SCO"]

1. e4 e6 2. Nf3 d5 3. exd5 exd5 4. d4 Nf6 5. Nc3 a6 6. Be2 Bd6 7. O-O O-O 8.
Bg5 c6 9. Re1 Bf5 10. Bd3 Bxd3 11. Qxd3 Nbd7 12. Ne5 Qc7 13. g3 c5 14. Nxd7
Nxd7 15. dxc5 Qxc5 16. Qxd5 Qxd5 17. Nxd5 Ne5 18. Kg2 Ng6 19. Nb6 Rae8 20. Nd5
f6 21. Rxe8 Rxe8 22. Bxf6 Re2 23. Bg5 Re5 24. c4 Rxg5 25. Re1 Re5 26. Rxe5 Nxe5
27. b3 Kf7 28. Nc3 Bb4 29. Nd5 Bd6 30. Kf1 Ke6 31. Ke2 b5 32. Nf4+ Kf5 33. cxb5
axb5 34. Nh5 g6 35. Nf4 Nc6 36. Nd5 Ke5 37. Nc3 b4 38. f4+ Kf5 39. Nb5 Bc5 40.
Kf3 h5 41. h3 Ne7 42. Nc7 Bd6 43. Nb5 Bc5 44. Nc7 Nc6 45. Nb5 Nd4+ 46. Nxd4+
Bxd4 47. g4+ hxg4+ 48. hxg4+ Kf6 49. Ke4 Bc3 50. Kd5 Bd2 51. Ke4 Bc3 52. Kd3
Ke6 53. Ke4 Bd2 1/2-1/2

[Event "Prestwick Airport Minor"]
[Site "Prestwick"]
[Date "2011.05.13"]
[Round "1"]
[White "Thomas, Jacqui"]
[Black "Espinosa, Cristina"]
[Result "1/2-1/2"]
[WhiteElo "1201"]
[BlackElo "846"]
[PlyCount "113"]
[EventDate "2011.05.15"]
[EventRounds "5"]
[EventCountry "SCO"]

1. c4 e5 2. Nc3 Nf6 3. g3 d5 4. cxd5 Nxd5 5. Bg2 Nxc3 6. bxc3 g6 7. d4 exd4 8.
cxd4 Bg7 9. e3 O-O 10. Ne2 c6 11. O-O Nd7 12. Rb1 Nb6 13. Bb2 Be6 14. Nf4 Bxa2
15. Ba3 Bxb1 16. Bxf8 Bxf8 17. Qxb1 Qc7 18. d5 cxd5 19. Nxd5 Nxd5 20. Bxd5 Rb8
21. Rc1 Qd7 22. e4 b6 23. Rc6 Bg7 24. Qc2 Rf8 25. Rc7 Qg4 26. Rxa7 Kh8 27. Qa4
Qf3 28. Ra8 f5 29. Rxf8+ Bxf8 30. Qd4+ Bg7 31. Qxb6 fxe4 32. Qe6 Qf8 33. Bxe4
Bf6 34. Qh3 Qf7 35. Qc8+ Kg7 36. Qc6 h6 37. Bd5 Qe7 38. Kg2 h5 39. Bc4 g5 40.
Qd5 Kh6 41. Qf5 Qg7 42. f4 gxf4 43. Qxf4+ Bg5 44. Qf3 Bf6 45. Be2 Qf7 46. Qf4+
Kg7 47. Qf5 Kh6 48. Qf4+ Kg7 49. Bc4 Qb7+ 50. Qf3 Qb2+ 51. Be2 h4 52. Qg4+ Kf8
53. Qf3 Kg7 54. Kh3 Qd4 55. Qg4+ Qxg4+ 56. Kxg4 hxg3 57. hxg3 1/2-1/2

[Event "Prestwick Airport Minor"]
[Site "Prestwick"]
[Date "2011.05.13"]
[Round "1"]
[White "White, Geoffrey"]
[Black "Mills, Captiva"]
[Result "1-0"]
[WhiteElo "1195"]
[BlackElo "789"]
[PlyCount "49"]
[EventDate "2011.05.15"]
[EventRounds "5"]
[EventCountry "SCO"]

1. d4 f5 2. f4 e6 3. e3 Nf6 4. Nd2 Be7 5. Be2 O-O 6. Bf3 Nc6 7. c4 d5 8. Qc2
Qd7 9. a3 b6 10. b4 Bb7 11. Ne2 Ne4 12. Ng3 Bh4 13. Ndxe4 dxe4 14. Bh5 Qe7 15.
Bd2 Rad8 16. O-O-O a6 17. Bc3 a5 18. Qb2 axb4 19. axb4 Ba6 20. b5 Bxb5 21. cxb5
Na7 22. Bb4 Qd7 23. Bxf8 Kxf8 24. Be2 Be7 25. Kd2 1-0

[Event "Prestwick Airport Minor"]
[Site "Prestwick"]
[Date "2011.05.14"]
[Round "2"]
[White "Cameron, Richard"]
[Black "Roy, Charles"]
[Result "1-0"]
[WhiteElo "1238"]
[BlackElo "943"]
[PlyCount "81"]
[EventDate "2011.05.15"]
[EventRounds "5"]
[EventCountry "SCO"]

1. e4 e5 2. f4 Nc6 3. Nf3 d6 4. f5 Nf6 5. Nc3 d5 6. d3 Bb4 7. Bd2 Bxc3 8. Bxc3
d4 9. Bd2 Qe7 10. c3 Bd7 11. cxd4 exd4 12. Be2 Ng4 13. Bg5 f6 14. Bf4 Ne3 15.
Bxe3 dxe3 16. O-O Ne5 17. Qb3 b5 18. Rac1 c6 19. Nd4 Rc8 20. Rfe1 a5 21. a3 a4
22. Qc3 O-O 23. b4 axb3 24. Nxb3 g5 25. Bh5 g4 26. Rxe3 Qg7 27. Rg3 Qh6 28.
Bxg4 Nxg4 29. Rxg4+ Kh8 30. Nc5 Rg8 31. Rxg8+ Rxg8 32. Nxd7 Qe3+ 33. Kh1 Qg5
34. g3 h6 35. Nxf6 Qe3 36. Kg2 Qe2+ 37. Kh3 h5 38. Nxh5+ Kh7 39. Nf6+ Kh8 40.
Nxg8+ Kxg8 41. Rc2 1-0

[Event "Prestwick Airport Minor"]
[Site "Prestwick"]
[Date "2011.05.14"]
[Round "2"]
[White "Deary, Daniel"]
[Black "White, Geoffrey"]
[Result "1/2-1/2"]
[WhiteElo "812"]
[BlackElo "1195"]
[PlyCount "102"]
[EventDate "2011.05.15"]
[EventRounds "5"]
[EventCountry "SCO"]

1. e4 a6 2. d4 b5 3. a3 Bb7 4. Nc3 e6 5. Bf4 b4 6. axb4 Bxb4 7. f3 Bxc3+ 8.
bxc3 Nf6 9. Bd3 O-O 10. Bg5 h6 11. Bh4 g5 12. Bg3 Nh5 13. Bf2 Nf4 14. g3 Nxd3+
15. Qxd3 Qe7 16. g4 Qf6 17. h4 Qg6 18. hxg5 hxg5 19. Be3 d5 20. e5 Qxd3 21.
cxd3 f6 22. exf6 Rxf6 23. Bxg5 Rg6 24. Bf4 Rg7 25. Be5 Rh7 26. Rxh7 Kxh7 27.
Bxc7 Nd7 28. Be5 Bc6 29. Nh3 Bb5 30. Ng5+ Kg6 31. Nxe6 Nxe5 32. dxe5 Rc8 33.
Nf4+ Kg5 34. Nxd5 Bxd3 35. Kf2 Rc5 36. Nb4 Bc4 37. Kg3 a5 38. f4+ Kg6 39. f5+
Kg5 40. Rh1 Rxe5 41. Rh5+ Kf6 42. g5+ Kg7 43. Kf4 Rb5 44. Rh4 axb4 45. cxb4 Bd3
46. f6+ Kf7 47. Ke3 Bg6 48. Rg4 Bh5 49. Rc4 Rxg5 50. Rc5 Rxc5 51. bxc5 Kxf6
1/2-1/2

[Event "Prestwick Airport Minor"]
[Site "Prestwick"]
[Date "2011.05.14"]
[Round "2"]
[White "Douglas, William"]
[Black "Espinosa, Monica"]
[Result "1-0"]
[WhiteElo "1184"]
[BlackElo "575"]
[PlyCount "99"]
[EventDate "2011.05.15"]
[EventRounds "5"]
[EventCountry "SCO"]

1. d4 d5 2. c4 c6 3. Nf3 Nf6 4. Nc3 Bf5 5. Qb3 b6 6. cxd5 cxd5 7. e3 a6 8. Bd2
e6 9. Rc1 b5 10. Be2 Nc6 11. O-O Be7 12. Nxb5 Qd7 13. Ne5 Nxe5 14. Nc7+ Kf8 15.
Nxa8 Nc6 16. Qa4 Nb8 17. Qxd7 Nbxd7 18. Rc8+ Ne8 19. Nc7 Ndf6 20. Bxa6 Bd6 21.
Nxe8 Nxe8 22. Bb5 Ke7 23. Ba5 f6 24. Rfc1 e5 25. Ra8 Bd7 26. Bxd7 Kxd7 27. Ra7+
Ke6 28. a4 exd4 29. exd4 Kf5 30. Bb6 g5 31. Rc8 Kg6 32. a5 h5 33. a6 Rf8 34.
Rb7 Rf7 35. Rxf7 Kxf7 36. Rxe8 Kxe8 37. a7 Kd7 38. a8=Q Ke6 39. Qc8+ Kf7 40.
Qd7+ Kg6 41. Qxd6 h4 42. h3 Kf5 43. Qxd5+ Kg6 44. Qe4+ Kg7 45. Qf5 Kf7 46. Bc5
Kg7 47. Be7 Kf7 48. Qxf6+ Ke8 49. Bc5 Kd7 50. Qd6+ 1-0